banner-ar

تحديات الزعامة / (Record no. 32267)

MARC details
000 -الفاتح
حقل البيانات ثابتة الطول 00718nam a2200241Ia 4500
008 - عناصر البيانات ثابتة الطول - معلومات عامة
حقل البيانات ثابتة الطول 140319s9999 xx 000 0 ara d
040 ## - مصدر الفهرسة
وكالة الفهرسة الأصلية GCL /
وكالة النسخ GCL
082 04 - رقم تصنيف ديوى العشرى
رقم التصنيف 158.4
رقم المادة ل ت
100 1# - المدخل الرئيسى - إسم شخصى
الإسم الشخصى كوزيس جيمس
245 10 - بيان العنوان
العنوان تحديات الزعامة /
بيان المسئوليه,etc كوزيس جيمس
700 1# - المدخل الاضافى - اسم شخصى
الإسم الشخصى بوزنر وبارى
700 1# - المدخل الاضافى - اسم شخصى
الإسم الشخصى جورج خورى (مترجم)
700 1# - المدخل الاضافى - اسم شخصى
الإسم الشخصى وليم جبر
260 ## - PUBLICATION, DISTRIBUTION, ETC. (IMPRINT)
تاريخ النشر أو التوزيع 1989
300 ## - الوصف المادى
التعداد 327 ص
490 ## - بيان السلسلة
عنوان السلسلة
650 04 - المدخل الاضافى بالموضوع-مصطلح موضوعى
مصطلح موضوعي علم النفس
650 04 - المدخل الاضافى بالموضوع-مصطلح موضوعى
مصطلح موضوعي الجوانب النفسية
650 04 - المدخل الاضافى بالموضوع-مصطلح موضوعى
مصطلح موضوعي علم النفس السياسى
650 04 - المدخل الاضافى بالموضوع-مصطلح موضوعى
مصطلح موضوعي الممارسة السياسية
942 ## - عناصر المدخل الإضافي( كوها)
مصدر التصنيف او مخطط الترفيف Dewey Decimal Classification
Koha [default] item type كتاب
260 ## - PUBLICATION, DISTRIBUTION, ETC. (IMPRINT)
-- [S.N] :
-- مركز الكتب الاردنى ،
Holdings
حالة التراجع حالة الفقد حالة تلف ليس للاعارة المكان المؤقت الموقع الحالى تاريخ الاكتساب اجمالي اﻻعارات رقم الطلب الباركود تاريخ اخر مشاهدة تاريخ تفعيل السعر نوع وعاء كوها
        مكتبة القاهرة الكبرى مكتبة القاهرة الكبرى 03/26/2014   158.4\ل ت 75992 03/26/2014 03/26/2014 كتاب

Powered By

EGPV